000 01307cam a2200313 i 4500
001 30824
003 Mx-PuUPA
005 20250512132533.0
008 140415s2019 mx gr 000 0 spa d
020 _a9786078628780
040 _cmx
_aMx-PuUPA
_bspa
_dMx-PuUPA
_erda
041 1 _aspa
_heng
110 2 _aInstituto Mexicano de Contadores Públicos,
_eautor
_92424
240 1 0 _aHandbook of International Education Pronouncements.
_lEspañol
245 1 0 _aManual de pronunciamientos internacionales de formación /
_cIMCP ; traducción, Ma del Pilar Soberón Santisteban
250 _a1a edición /
_bjulio
264 1 _aCiudad de México :
_bInstituto Mexicano de Contadores Públicos,
_c©2019
300 _a216 páginas ;
_c23 cm
336 _2rdacontent
_atexto
_btxt
337 _2rdamedia
_asin medio
_bn
338 _2rdacarrier
_avolumen
_bnc
650 7 _2armarc
_aContadores
_xEstudio y enseñanza
700 1 _aSoberón Santisteba, Ma del Pilar,
_etraductor
765 0 _aInternational Education Standards,
_bEdition 2015
_tHandbook of International Education Pronouncements.
_z9781608152575
942 _2ddc
_cLI
_h657.092071
_iM2618
999 _c30824
_d30824